Enantioselective high-performance liquid chromatographic separation of fluorinated ß- phenylalanine derivatives utilizing Cinchona alkaloid-based ion-exchanger chiral stationary phases Enantioselective separation of fluorinated ß-phenylalanine derivatives /

Elmentve itt :
Bibliográfiai részletek
Szerzők: Németi Gábor
Berkecz Róbert
Shahmohammadi Sayeh
Forró Enikő
Lindner Wolfgang
Péter Antal
Ilisz István
Dokumentumtípus: Cikk
Megjelent: 2022
Sorozat:JOURNAL OF CHROMATOGRAPHY A
Tárgyszavak:
doi:10.1016/j.chroma.2022.462974

mtmt:32741660
Online Access:http://publicatio.bibl.u-szeged.hu/23853
LEADER 01201nab a2200289 i 4500
001 publ23853
005 20220323092124.0
008 220323s2022 hu o 0|| Angol d
022 |a 0021-9673 
024 7 |a 10.1016/j.chroma.2022.462974  |2 doi 
024 7 |a 32741660  |2 mtmt 
040 |a SZTE Publicatio Repozitórium  |b hun 
041 |a Angol 
100 1 |a Németi Gábor 
245 1 0 |a Enantioselective high-performance liquid chromatographic separation of fluorinated ß- phenylalanine derivatives utilizing Cinchona alkaloid-based ion-exchanger chiral stationary phases   |h [elektronikus dokumentum] :  |b Enantioselective separation of fluorinated ß-phenylalanine derivatives /  |c  Németi Gábor 
260 |c 2022 
300 |a Terjedelem: 10-Azonosító: 462974 
490 0 |a JOURNAL OF CHROMATOGRAPHY A 
650 4 |a Kémiai tudományok 
650 4 |a Általános orvostudomány 
700 0 1 |a Berkecz Róbert  |e aut 
700 0 1 |a Shahmohammadi Sayeh  |e aut 
700 0 1 |a Forró Enikő  |e aut 
700 0 1 |a Lindner Wolfgang  |e aut 
700 0 1 |a Péter Antal  |e aut 
700 0 1 |a Ilisz István  |e aut 
856 4 0 |u http://publicatio.bibl.u-szeged.hu/23853/1/Nemeti_Fluoro_Phe_JCA_2022_462974.pdf  |z Dokumentum-elérés